Вып. 32; Проблемы машиностроения

Detalhes bibliográficos
Parent link:Проблемы машиностроения: республиканский межведомственный сборник научных трудов/ Академия наук Украинской ССР (АН УССР), Институт проблем машиностроения им. А. Н. Подгорного (ИПМаш). Вып. 32.— , 1975-1991
Idioma:russo
Publicado em: 1989
Assuntos:
Formato: Livro
KOHA link:https://koha.lib.tpu.ru/cgi-bin/koha/opac-detail.pl?biblionumber=218448

MARC

LEADER 00000nam2a2200000 4500
001 218448
005 20231101230210.0
035 |a (RuTPU)RU\TPU\book\238476 
090 |a 218448 
100 |a 20120620d1989 k y0rusy50 ca 
101 0 |a rus 
102 |a UA 
105 |a a z 001zy 
200 0 |a Вып. 32 
210 |d 1989 
215 |a 103 с.  |c ил. 
320 |a Библиография в конце статей 
461 1 |0 (RuTPU)RU\TPU\book\163660  |t Проблемы машиностроения  |o республиканский межведомственный сборник научных трудов  |f Академия наук Украинской ССР (АН УССР), Институт проблем машиностроения им. А. Н. Подгорного (ИПМаш)  |v Вып. 32  |d 1975-1991 
606 1 |a Машиностроение  |2 stltpush  |3 (RuTPU)RU\TPU\subj\71949  |9 85607 
610 1 |a конструктивизм 
610 1 |a нестационарное деформирование 
610 1 |a вибрационные испытания 
610 1 |a импульсное нагружение 
610 1 |a контактные взаимодействия 
610 1 |a статистический анализ 
610 1 |a гидравлические машины 
610 1 |a гидротрансформаторы 
610 1 |a радиально-осевые гидротурбины 
675 |a 621.002  |v 3 
801 1 |a RU  |b 63413507  |c 20120620 
801 2 |a RU  |b 63413507  |c 20130116  |g RCR 
942 |c BK